000 00572nam a22001817a 4500
005 20251108164110.0
008 250721s1993 xx 000 0 ara d
082 1 4 _a340.069/حام
100 1 _aالشريف، حامد
245 1 0 _aفن المرافعه و صناعة المحامي المترافع أمام المحاكم الجنائيه /
264 1 _aالقاهرة :
_bالدار البيضاء،
_c1993.
300 _a171ص
650 1 7 _aمهنة المحاماة
650 1 7 _aقانون
650 1 7 _aالمرافعة
942 _2ddc
_cBK
999 _c3593
_d3593